La oralidad en el proceso laboral : (Registro nro. 49858)

Detalles MARC
000 -LEADER
fixed length control field 02094nam a2200337 4500
001 - CONTROL NUMBER
control field 0000024600
003 - CONTROL NUMBER IDENTIFIER
control field CO-CtgCURN
005 - DATE AND TIME OF LATEST TRANSACTION
control field 20250828171341.0
008 - FIXED-LENGTH DATA ELEMENTS--GENERAL INFORMATION
fixed length control field 160628s2008 000 0 eng d
020 ## - INTERNATIONAL STANDARD BOOK NUMBER
International Standard Book Number 9589400868
040 ## - CATALOGING SOURCE
Original cataloging agency CO-CtgCURN
Language of cataloging spa
Transcribing agency coctgcurn
082 0# - DEWEY DECIMAL CLASSIFICATION NUMBER
Classification number 344.01
Item number B412
100 1# - MAIN ENTRY--PERSONAL NAME
Personal name Bedoya Díaz, Hugo Alexander.
245 13 - TITLE STATEMENT
Title La oralidad en el proceso laboral :
Remainder of title conforme con la Ley 1149 de 2007 /
Statement of responsibility, etc. Hugo Alexander Bedoya Díaz.
260 ## - PUBLICATION, DISTRIBUTION, ETC.
Place of publication, distribution, etc. Bogotá :
Name of publisher, distributor, etc. Leyer,
Date of publication, distribution, etc. 2008.
300 ## - PHYSICAL DESCRIPTION
Extent vii, 228 p.
336 ## - CONTENT TYPE
Source rdacontent
337 ## - MEDIA TYPE
Source rdamedia
Media type term sin mediacion
Media type code n
338 ## - CARRIER TYPE
Source rdacarrier
Carrier type term volumen
Carrier type code nc
500 ## - GENERAL NOTE
General note Incluye indices.
504 ## - BIBLIOGRAPHY, ETC. NOTE
Bibliography, etc. note Incluye bibliografía (p. 219-220)
505 8# - FORMATTED CONTENTS NOTE
Formatted contents note La oralidad en el proceso laboral -- Los principios en el derecho procesal laboral -- Los principios modificados -- Las audiencias -- Las excepciones -- Los incidentes -- El rol del juez en el procedimiento oral -- La audiencia obligatoria de conciliación, de decisión de excepciones previas, de saneamiento y fijación del litigio -- Señalamiento de audiencias -- Audiencia de trámite y juzgamiento -- Audiencia de trámite y juzgamiento en segunda instancia -- Los recursos ordinarios -- El recurso de reposición -- El recurso de apelación -- Recurso de apelación de las sentencias -- El recurso de queja -- El recurso de súplica -- El grado jurisdicciónal de la consulta -- Hacia un nuevo juez y un abogado litigante -- Hacia una nueva actitud del proceso laboral -- La comunicación de las ideas -- La comunicación en la primera audiencia -- Temores al presentar el discurso jurídico -- Resolución de problemas -- Argumentación judicial -- La argumentación en los apoderados
650 #0 - SUBJECT ADDED ENTRY--TOPICAL TERM
Topical term or geographic name entry element Procedimiento laboral.
650 #0 - SUBJECT ADDED ENTRY--TOPICAL TERM
Topical term or geographic name entry element Oralidad (Proceso laboral)
650 #0 - SUBJECT ADDED ENTRY--TOPICAL TERM
Topical term or geographic name entry element Argumentación jurídica.
650 #0 - SUBJECT ADDED ENTRY--TOPICAL TERM
Topical term or geographic name entry element Ley 1149 de 2007.
908 ## - PUT COMMAND PARAMETER (RLIN)
Put command parameter 160627
942 ## - ADDED ENTRY ELEMENTS (KOHA)
Koha item type Libros
Classification part 344.01
Item part B412
Source of classification or shelving scheme Dewey Decimal Classification
999 ## - SYSTEM CONTROL NUMBERS (KOHA)
-- 2
Existencias
Withdrawn status Lost status Source of classification or shelving scheme Damaged status Not for loan Home library Current library Shelving location Date acquired Total checkouts Full call number Barcode Date last seen Copy number Price effective from Koha item type
    Dewey Decimal Classification     Miguel Henríquez Castañeda Miguel Henríquez Castañeda General 03/04/2019   344.01 B412 017355 03/04/2019 ej.1 03/04/2019 Libros
    Dewey Decimal Classification     Miguel Henríquez Castañeda Miguel Henríquez Castañeda General 03/04/2019   344.01 B412 009733 03/04/2019 ej.2 03/04/2019 Libros